000 01100nam a2200217 ca4500
001 000030285
003 RuMoIPM
005 20260413132102.0
008 110907m19331934ur | c rus
040 _aRuMoIPM
_brus
_ercr
041 1 _arus
_hger
080 _a51(07)
100 1 _aКлейн, Феликс
245 1 _aЭлементарная математика с точки зрения высшей
_bЛекции, читанные в Геттингенском университете
_cФ. Клейн ; Пер. с нем. Д. А. Крыжановского ; Под ред. В. Ф. Кагана
250 _a2-е изд., доп. по 3 нем. изд.
260 _aМосква
_aЛенинград
_bГостехтеоретиздат
500 _aПер. изд.: Felix Klein. Elementarmathematik vom höheren Standpunkte aus. Ausgearbeltet von E. Hellinger. 3. Auflage ... Berlin. Verlag von Julius Springer
700 1 _aКрыжановский, Дмитрий Антонович
_eпер.
700 1 _aКаган, Вениамин Федорович
_eред.
942 _cBK
999 _c30285
_d30285